Welcome to CU Library Online Public Access Catalogue (OPAC)

The new Princeton handbook of poetic terms / (Record no. 9616)

MARC details
000 -LEADER
fixed length control field 00928pam a2200265 a 4500
001 - CONTROL NUMBER
control field 1580950
005 - DATE AND TIME OF LATEST TRANSACTION
control field 20260424131036.0
008 - FIXED-LENGTH DATA ELEMENTS--GENERAL INFORMATION
fixed length control field 931105s1994 nju d 000 0 eng
020 ## - INTERNATIONAL STANDARD BOOK NUMBER
International Standard Book Number 0691036713 :
Terms of availability $39.50
020 ## - INTERNATIONAL STANDARD BOOK NUMBER
International Standard Book Number 0691036721 (pbk.) :
Terms of availability $16.95
020 ## - INTERNATIONAL STANDARD BOOK NUMBER
International Standard Book Number 9780691036717
020 ## - INTERNATIONAL STANDARD BOOK NUMBER
International Standard Book Number 9780691036724
050 00 - LIBRARY OF CONGRESS CALL NUMBER
Classification number PN1021
Item number .N39 1994
082 00 - DEWEY DECIMAL CLASSIFICATION NUMBER
Classification number 808.1/03
Edition information 20
245 04 - TITLE STATEMENT
Title The new Princeton handbook of poetic terms /
Statement of responsibility, etc. T.V.F. Brogan, editor.
260 ## - PUBLICATION, DISTRIBUTION, ETC.
Place of publication, distribution, etc. Princeton, N.J. :
Name of publisher, distributor, etc. Princeton University Press,
Date of publication, distribution, etc. 1994.
300 ## - PHYSICAL DESCRIPTION
Extent xv, 339 p. ;
Dimensions 25 cm.
500 ## - GENERAL NOTE
General note Based on the New Princeton encyclopedia of poetry and poetics.
650 #0 - SUBJECT ADDED ENTRY--TOPICAL TERM
Topical term or geographic name entry element Poetry
General subdivision Dictionaries.
650 #0 - SUBJECT ADDED ENTRY--TOPICAL TERM
Topical term or geographic name entry element Poetics
General subdivision Dictionaries.
650 #0 - SUBJECT ADDED ENTRY--TOPICAL TERM
Topical term or geographic name entry element Poetry
General subdivision History and criticism.
700 1# - ADDED ENTRY--PERSONAL NAME
Personal name Brogan, T. V. F.
Fuller form of name (Terry V. F.)
856 42 - ELECTRONIC LOCATION AND ACCESS
Materials specified Publisher description
Uniform Resource Identifier <a href="http://www.loc.gov/catdir/description/prin021/93043944.html">http://www.loc.gov/catdir/description/prin021/93043944.html</a>
942 ## - ADDED ENTRY ELEMENTS (KOHA)
Source of classification or shelving scheme Library of Congress Classification
Koha item type Books
Suppress in OPAC No
999 ## -
-- 9616
-- 9616
Holdings
Withdrawn status Lost status Source of classification or shelving scheme Damaged status Not for loan Collection Home library Current library Shelving location Date acquired Total checkouts Full call number Barcode Date last seen Copy number Price effective from Koha item type
    Library of Congress Classification     Non-fiction Business Library (Miotso) Business Library (Miotso) General stacks 03/27/2026   PN1021 .N39 1994 BSSM00003750 04/24/2026 1 03/27/2026 Books
    Library of Congress Classification     Non-fiction Business Library (Miotso) Business Library (Miotso) General stacks 03/27/2026   PN1021 .N39 1994 BSSM00003751 04/24/2026 2 03/27/2026 Books
    Library of Congress Classification     Non-fiction Business Library (Miotso) Business Library (Miotso) General stacks 03/27/2026   PN1021 .N39 1994 BSSM00003752 04/24/2026 3 03/27/2026 Books
© 2023-2024 Copyright: Central University Libraries. All Rights Reserved | Created by: Mahone Tech Office